000 004360000a22001810004500
003 MACL
005 20150801150621.0
008 150801b xxu||||| |||| 00| 0 eng d
040 _aMACL
_cMACL
041 _aEnglish
082 _a363/GHO
100 _aGhosh, Asish
_94137
245 _aGlobal Warming
260 _bNatun Shatuk
_c2007
_aKolkata
350 _a100
650 _aSocial Problems & Servieces
_93825
942 _cBK
_k363
_2ddc
999 _c8498
_d8498